000 00826nam a2200253 i 4500
001 190425
003 ES-MaACL
005 20250307141813.0
008 210325s2017 sp 001 p spa d
020 _a978-84-946932-2-9
080 _a821.134.2-14"19"
100 1 _aRiera Busom, Mario (
_d1970-)
_9171110
245 1 0 _aRegreso a Abisinia /
_cMario Riera.
250 _a1ª ed.
260 _aMadrid :
_bVitruvio,
_c2017.
300 _a78 p. ;
_c24 cm.
490 1 _aColección Baños del Carmen ;
_v641
830 1 _aColección Baños del Carmen
_v641
_9183030
852 4 _aES-MaACL
_jA-14625
_9197602
_bR.152005
_cDEPO1
_dOlim: N-7625
_hDonacion: Jose Lazaro
903 _9234219
_aLázaro García, José
_ednr
942 _2udc
_cMONOGRAFIA
999 _c190425
_d190425